Sports Quiz

Random Sports or Football Quiz

2019 World Cup Champions Quiz Stats

 Plays Quiz not verified by Sporcle

Support Sporcle.
Go Orange.
Score 0/12 Timer 03:00
0 Plays Today
Question Answer Wrong Answers
Who won the 2019 Women's FIFA World Cup? United States
94.2%
England
0.7%
Sweden
1.4%
Netherlands
2.2%
Who won the 2019 Rugby Union World Cup? South Africa
77%
England
7.2%
New Zealand
12.9%
Japan
2.9%
Who won the 2019 Cricket World Cup? England
71.9%
India
17.3%
Australia
5%
New Zealand
5%
Who won the 2019 Netball World Cup? New Zealand
54%
England
24.5%
South Africa
12.2%
Kenya
8.6%
Who won the 2019 Dodgeball World Championship? United States
52.5%
Canada
13.7%
Brazil
14.4%
Germany
18.7%
Who won the 2019 PDC World Cup of Darts? Scotland
47.5%
England
24.5%
Netherlands
24.5%
Australia
2.2%
Who won the 2019 World Taekwando Championship? South Korea
46.8%
China
15.8%
Japan
30.2%
Russia
5%
Who won the 2019 World Curling Championships? Sweden
41.7%
Norway
31.7%
Scotland
19.4%
China
6.5%
Who won the 2018/19 Alpine Ski World Cup? Austria
41%
Switzerland
28.1%
Great Britain
3.6%
Norway
26.6%
Who won the 2019 FIBA Basketball World Cup? Spain
40.3%
Germany
5.8%
Canada
1.4%
United States
51.8%
Who won the 2019 Bandy World Championship? Russia
28.1%
Scotland
15.8%
Ireland
34.5%
France
20.1%
Who won the 2019 World Ice Hockey Championship? Finland
14.4%
United States
16.5%
Canada
50.4%
Russia
16.5%

You're not logged in!

Compare scores with friends on all Sporcle quizzes.
OR
Log In

From the Vault

European Capitals with an 'A'

by PrincessMartell

You should have no issues here if you're used to getting A's in geography class.
Remove Ads.
Support Sporcle.
Get the best of Sporcle when you Go Orange. This ad-free experience offers more features, more stats, and more fun while also helping to support Sporcle. Thank you for becoming a member.

Show Comments

Extras

Top Quizzes Today


Score Distribution

Your Account Isn't Verified!

In order to create a playlist on Sporcle, you need to verify the email address you used during registration. Go to your Sporcle Settings to finish the process.

Report this User

Report this user for behavior that violates our Community Guidelines.

Details: